000 00695cab a2200181 4500
001 ##L132325
008 060127n2006 000 0 eng u
035 _a(Sirsi) u132325
041 0 _aeng
100 1 _aMcCormick, Helen
245 0 0 _aBalfour runs away with the 2005 crown
260 _c2006
490 0 _aContract Journal
_v431(6559) 25 January 2006, 20-21(2)
520 _aBalfour Beatty topped the new works winner table in 2005. Bovis Lend Lease were second, and Kier third. Contains table showing total value of new orders won in 2005, and bar chart of annual orders by sector 2001 to 2005.
590 _aIKA310106
690 _aBUILT ENVIRONMENT-CONSTRUCTION MARKET
942 _n0
999 _c76401
_d76401